| 000 | 00374nam a22001217a 4500 | ||
|---|---|---|---|
| 082 | _aP-345 | ||
| 100 |
_aMuneeb Ali _948077 |
||
| 245 | _aDesigning of the A-70 Steel Girder Three Element System Bridge and Research on the Method of Analysis in Staad Pro 2005 | ||
| 526 |
_a0 _b0 _c0 _dP_345 |
||
| 650 | _aProject | ||
| 700 |
_aShahzad Ul Hassan Amir _948263 |
||
| 942 |
_2ddc _cBK |
||
| 999 |
_c551277 _d551277 |
||